|
|
|
|
| LEADER |
00994cam a2200265 a 4500 |
| 001 |
0000095286 |
| 005 |
20251027090000.0 |
| 040 |
|
|
|a mod
|
| 041 |
|
|
|a eng
|
| 020 |
|
|
|a 052121730X
|
| 090 |
0 |
0 |
|a 355.41094
|b VAN
|e 1977
|
| 100 |
1 |
|
|a Van Creveld, Martin L.
|
| 245 |
1 |
0 |
|a Supplying war
|b logistics from Wallenstein to Patton
|c Martin Van Creveld.
|
| 260 |
|
|
|a London
|b Cambridge University Press
|c 1977.
|
| 300 |
|
|
|a viii, 284 p.
|b maps
|c 22 cm.
|
| 500 |
|
|
|a Includes index
|
| 504 |
|
|
|a Bibliography: p. [239]-249.
|
| 650 |
0 |
0 |
|a Logistics
|x History.
|
| 650 |
0 |
0 |
|a Military art and science
|x History.
|
| 650 |
0 |
0 |
|a Military history, Modern.
|
| 852 |
0 |
0 |
|a 01
|
| 999 |
|
|
|a 1000003614
|b Maktab Pertahanan Angkatan Tentera
|d BOOKS
|e Umum
|f MPAT
|j AVAILABLE
|q OLD
|
| 999 |
|
|
|a 1000004306
|b Maktab Pertahanan Angkatan Tentera
|d BOOKS
|e Umum
|f MPAT
|j AVAILABLE
|q OLD
|
| 999 |
|
|
|a B000003300
|b 2 DIV
|d BOOKS
|e Umum
|f 2 DIV
|j AVAILABLE
|q GOOD CONDITION
|
| 999 |
|
|
|a B000005919
|b PULADA
|d BOOKS
|e Umum
|f PULADA
|j AVAILABLE
|q GOOD CONDITION
|